000 00348nam a2200121Ia 4500
008 220217s9999||||xx |||||||||||||| ||und||
082 _a530.14 KHA
100 _aKharate, G.K Narkede, S.S
_91220
245 0 _aFields and waves
260 _aTechnical publications
_bPune
_c2000
300 _b200
650 _aFIELD THEORY / ELECTROMEGNETIC WAVES
999 _c166033
_d166033